Microservices for Processing of Streamed Data

Enregistré dans:
Détails bibliographiques
Auteur principal: Záhorčák, Samuel (Auteur)
Autres auteurs: Kvasnica, Michal (Directeur de thèse)
Format: Manuscrit Livre
Langue:slovaque
anglais
Publié: 2023
Sujets:
Accès en ligne:http://is.stuba.sk/zp/portal_zp.pl?podrobnosti=169652
Tags: Ajouter un tag
Pas de tags, Soyez le premier à ajouter un tag!

MARC

LEADER 00000ntm a22000003a 4500
001 stuzp94478
003 SK-STU
005 20230909222247.3
007 ta
008 150427s2015----xo-----f-mn---000-0-slo-d
040 |a STU  |b slo 
041 0 |a eng 
100 1 |a Záhorčák, Samuel  |u 047220  |4 aut  |U FCHPT Ústav informatizácie, automatizácie a matematiky  |T FCHPT Oddelenie informatizácie a riadenia procesov  |X 97314  |U C7220  |Y 121  |7 97314 
242 0 1 |a Analýza prúdov dát s pomocou mikroslužieb  |y slo 
245 1 0 |a Microservices for Processing of Streamed Data 
260 |c 2023 
650 4 |a inkrementálne učenie  |2 slo 
650 4 |a detekcia anomálií  |2 slo 
650 4 |a klasifikácia  |2 slo 
650 4 |a strojové učenie  |2 slo 
650 4 |a optimalizácia hyperparametrov  |2 slo 
650 4 |a machine learning  |2 eng 
650 4 |a incremental learning  |2 eng 
650 4 |a anomaly detection  |2 eng 
650 4 |a classification  |2 eng 
650 4 |a hyperparameter optimization  |2 eng 
700 1 |a Kvasnica, Michal  |u 047000  |k Z1  |4 ths  |U FCHPT Fakulta chemickej a potravinárskej technológie  |T FCHPT Ústav informatizácie, automatizácie a matematiky  |X 38267  |U C7000  |Y 105  |7 A000038267 
856 4 |u http://is.stuba.sk/zp/portal_zp.pl?podrobnosti=169652